00754cam a22002297a 4500003000500000005001700005008004100022010001000063011001000073035001000083040000900093100002600102245012900128260007500257300003200332410001700364490004200381650001700423650002500440810001700465830004200482CHAP20220329142517.0010820d1987 mx d r 00110 spa d a84479 a85451 a95984 cCHAP00aPérez Luna, Eunice.10aComprensión de palabras técnicas por ejidatarios del municipio de Cotaxtla, Estado de Veracruzc/por Eunice Pérez Luna aChapingo, Méx. :bINIA. Campo Agrícola Experimental Cotaxtlac1987 a86 p. :bcuadros ; diagrama21aINIA. CAECOT 0aFolleto de investigaciónvNúm. 6914aCampesinado.14aEjido Cotaxtla, Ver.00aINIA. CAECOT0 aFolleto de investigaciónvNúm. 69